Visualizzazione normale
Vista MARC
- Kuhn
di Personal Name
Records bibliografici associati: 1
001 - CONTROL NUMBER
- control field: 6960
003 - CONTROL NUMBER IDENTIFIER
- control field: IT-RoPau
005 - DATE AND TIME OF LATEST TRANSACTION
- control field: 20140101221531.0
008 - FIXED-LENGTH DATA ELEMENTS
- fixed length control field: 140101|| aca||aabn | a|a d
040 ## - CATALOGING SOURCE
- Original cataloging agency: IT-RoPau
- Transcribing agency: IT-RoPau
100 ## - HEADING--PERSONAL NAME
- Personal name: Kuhn
- Dates associated with a name: Codice autore musica SPICS: 14009
- Relator term: Autore musica
- Name of part/section of a work: El relicario - Cantina toreros - Matador - Le Cid
670 ## - SOURCE DATA FOUND
- Source citation: Work cat.: (IT-RoPau)102299: AA.VV. 794, Soul of Spain (The), vol.2 (Lp Ss 556)